| 000 | 00479nam a22001817a 4500 | ||
|---|---|---|---|
| 003 | NUST - PNEC | ||
| 005 | 20170116180913.0 | ||
| 008 | 150903b xxu||||| |||| 00| 0 eng d | ||
| 020 | _a0071128433 | ||
| 040 | _cLIBRARY | ||
| 082 | _a620.11 SMI | ||
| 100 |
_97212 _aSmith, William F. |
||
| 245 |
_aFoundation of material sccience and engineering _cWilliam F. Smith |
||
| 250 | _a2nd ed. | ||
| 260 | _cc.1993 | ||
| 650 |
_97214 _aMechanical Engineering _xME |
||
| 942 |
_2ddc _cBK |
||
| 999 |
_c65345 _d65345 |
||